[Event "Sachsen-ch U14"]
[Site "Sebnitz"]
[Date "2013.04.06"]
[Round "7"]
[White "Schoene, Lucas"]
[Black "Kabatek, Ole Soenke"]
[Result "1/2-1/2"]
[WhiteElo "1444"]
[BlackElo "1199"]
[PlyCount "77"]
[EventDate "2013.04.02"]
[EventType "swiss"]
[EventRounds "7"]
[EventCountry "GER"]
[SourceTitle "EXT 2014"]
[Source "ChessBase"]
[SourceDate "2013.11.20"]
[SourceVersion "1"]
[SourceVersionDate "2013.11.20"]
[SourceQuality "1"]

1. e4 c5 2. c4 d6 3. Nc3 Nf6 4. Nf3 g6 5. d4 cxd4 6. Nxd4 Bg7 7. Be2 0-0 8. 0-0 Nc6 9. Be3 Bd7 10. Qd2 Ng4 11. Bxg4 Bxg4 12. f3 Bd7 13. Nxc6 Bxc6 14. Bh6 Qb6+ 15. Rf2 Bd4 16. Bxf8 Bxf2+ 17. Qxf2 Qxf2+ 18. Kxf2 Kxf8 19. b3 Rc8 20. Rd1 a6 21. Ke3 Kg7 22. Nd5 Bxd5 23. Rxd5 Rc5 24. Kd4 e5+ 25. Kc3 Rxd5 26. cxd5 b6 27. a4 f6 28. Kd3 Kf7 29. b4 Kg7 30. g3 Kf7 31. Ke3 h6 32. f4 Kg7 33. Kf3 Kf7 34. h4 h5 35. g4 Kg7 36. f5 gxf5 37. exf5 Kh7 38. g5 Kg7 39. Kg3 1/2-1/2

[Event "Sachsen-ch U14"]
[Site "Sebnitz"]
[Date "2013.04.03"]
[Round "2"]
[White "Buschmann, Johannes"]
[Black "Kabatek, Ole Soenke"]
[Result "1/2-1/2"]
[WhiteElo "1384"]
[BlackElo "1199"]
[PlyCount "65"]
[EventDate "2013.04.02"]
[EventType "swiss"]
[EventRounds "7"]
[EventCountry "GER"]
[SourceTitle "EXT 2014"]
[Source "ChessBase"]
[SourceDate "2013.11.20"]
[SourceVersion "1"]
[SourceVersionDate "2013.11.20"]
[SourceQuality "1"]

1. e4 c5 2. f4 d6 3. Nf3 g6 4. Bc4 Bg7 5. Nc3 Nc6 6. d3 a6 7. a4 Nf6 8. 0-0 0-0 9. Qe1 e6 10. Qg3 d5 11. Ba2 d4 12. Ne2 b5 13. Bb3 Nh5 14. Qf2 Bb7 15. Bd2 Nb4 16. Bxb4 cxb4 17. Nexd4 bxa4 18. Bxa4 Nxf4 19. Rab1 Qb6 20. Kh1 Rad8 21. Ne2 Qxf2 22. Rxf2 Nxe2 23. Rxe2 Rc8 24. Nd2 Bc6 25. Bxc6 Rxc6 26. Nc4 Rfc8 27. Ree1 Rb8 28. Ra1 Rd8 29. Red1 Rc5 30. Kg1 Rc6 31. Kf1 f5 32. e5 Rd5 33. Re1 1/2-1/2

[Event "Sachsen-ch U14"]
[Site "Sebnitz"]
[Date "2013.04.03"]
[Round "3"]
[White "Kabatek, Ole Soenke"]
[Black "Von Koslowski, Utz"]
[Result "0-1"]
[WhiteElo "1199"]
[BlackElo "1758"]
[PlyCount "68"]
[EventDate "2013.04.02"]
[EventType "swiss"]
[EventRounds "7"]
[EventCountry "GER"]
[SourceTitle "EXT 2014"]
[Source "ChessBase"]
[SourceDate "2013.11.20"]
[SourceVersion "1"]
[SourceVersionDate "2013.11.20"]
[SourceQuality "1"]

1. e4 c5 2. Nf3 Nc6 3. d4 cxd4 4. Nxd4 Nf6 5. Nc3 d6 6. Be3 g6 7. f3 Bg7 8. Qd2 Bd7 9. Bc4 Rc8 10. Bb3 0-0 11. Bh6 Nxd4 12. Bxg7 Nxb3 13. axb3 Kxg7 14. Rxa7 Qb6 15. Ra1 Ra8 16. Rd1 Bb5 17. g4 Qc5 18. h4 h5 19. gxh5 Nxh5 20. Qg5 Qxg5 21. hxg5 Bc6 22. Nd5 Bxd5 23. exd5 Rfc8 24. c4 Ra2 25. Rd2 b5 26. Rh4 bxc4 27. bxc4 Rb8 28. Rhh2 Nf4 29. Kd1 Rb4 30. Rd4 Nh5 31. Kc1 Raa4 32. Rc2 Ng3 33. Rg4 Nf1 34. Rg1 Ra1# 0-1